000 00648nam a22002172 4500
001 0000025073
005 20151217145951.0
008 141028s xx 000 0 eng d
020 _a1605470283 :
040 _aKABU
_cKABU
100 1 _aKyle, Terri.
_@0000185465
245 1 0 _aEssentials of pediatric nursing /
_cby Terri Kyle, Susan Carman.
250 _a2n ed.
260 _aPhiladelphia :
_bWolters Kluwer,
_c2013.
300 _axli, 1219 p.
650 0 _aPediatric nursing.
_@0000179544
700 1 _aCarman, Susan.
_@0000185466
852 1 _9p8743.80 KES
908 _a141028
950 _@1
999 _c4602
_d4602